000 01308nam a2200313Ia 4500
001 ebr10182168
003 CaPaEBR
006 m u
007 cr cn|||||||||
008 060831s2006 ne b sb 001 0 eng d
010 _z 2006502527
020 _z9053568182
020 _z9789053568187
040 _aCaPaEBR
_cCaPaEBR
035 _a(OCoLC)85831125
050 1 4 _aD621.N4
_bA65 2006eb
100 1 _aAbbenhuis, Maartje M.
245 1 4 _aThe art of staying neutral
_h[electronic resource] :
_bthe Netherlands in the First World War, 1914-1918 /
_cMaartje M. Abbenhuis.
260 _aAmsterdam :
_bAmsterdam University Press,
_cc2006.
300 _a423 p. :
_bill., maps.
504 _aIncludes bibliographical references (p. 353-403) and index.
533 _aElectronic reproduction.
_bPalo Alto, Calif. :
_cebrary,
_d2009.
_nAvailable via World Wide Web.
_nAccess may be limited to ebrary affiliated libraries.
650 0 _aWorld War, 1914-1918
_zNetherlands.
650 0 _aNeutrality
_zNetherlands
_xHistory
_y20th century.
651 0 _aNetherlands
_xHistory
_yWilhelmina, 1898-1948.
655 7 _aElectronic books.
_2local
710 2 _aebrary, Inc.
856 4 0 _uhttp://site.ebrary.com/lib/rucke/Doc?id=10182168
_zAn electronic book accessible through the World Wide Web; click to view
999 _c142595
_d142595